| 000 | 00601nam a2200217Ia 4500 | ||
|---|---|---|---|
| 001 | 14304 | ||
| 003 | AR-BaAGN | ||
| 005 | 20231116141501.0 | ||
| 007 | ta | ||
| 008 | 211213s1890 mx |||||||||||||| ||spa d | ||
| 040 |
_dAR-BaAGN _aAR-BaAGN _bspa _eaacr |
||
| 100 | _aMartínez, Carlos | ||
| 245 | 1 | 0 |
_aBuenos Aires : _bsu naturaleza, sus costumbres, sus hombres. Observaciones de un viajero desocupado |
| 260 |
_aMéxico : _bTip. Aguilar, _c1890. |
||
| 300 | _a302 páginas | ||
| 336 |
_2rdacontent _btxt |
||
| 337 |
_2rdamedia _bn |
||
| 338 |
_2rdacarrier _bnc |
||
| 942 | _cLIBRO | ||
| 999 |
_c14304 _d14304 |
||